German words A1.1 (Lektion 11) - Statistics

General Stats
  • This quiz has been taken 12 times
  • The average score is 21 of 32
Answer Stats
In German In English % Correct
Baby das, -s Baby
100%
Für For
100%
Party die, -s Party
100%
Sport der Sport
100%
Arbeit die, -en (The) Work
100%
Lernen (To) learn
88%
Wein der, -e Wine
88%
Täglich Daily
75%
Lange Long
75%
Monat der, -e Month
75%
Pause die, -n Pause
75%
Kaufen (To) buy
75%
Schlafen (To) sleep
75%
Fahrrad das, -er Bicycle
63%
Paar das, -e Couple
63%
Geschenk das, -e Gift
63%
Hausaufgabe die, -n Homework
63%
Letzt Last
63%
Wirklich? Really?
63%
Lachen (To) laugh
63%
Denken (To) think
63%
Langweilig Boring
50%
Zeitung die, -en Newspapper
50%
Schwanger Pregnant
50%
Fertig (sein) (To) finish, complete
50%
Ein•laden (To) invite
50%
Reden (To) talk, speak
50%
Reise die, -n Trip, travel
50%
...mal(zwei-/drei-) Times(two times, three times etc.)
38%
Meinen, hat gemeint (To) mean
38%
Auf•räumen (To) clean up
25%
Interessant Interesant
0%
No matching quizzes found
Score Distribution
Percent of People with Each Score
Percentile by Number Answered
Your Score History
You have not taken this quiz